All AC Milan Players of the 2000's - Statistics

General Stats
  • This quiz has been taken 142 times
  • The average score is 34 of 115
Answer Stats
Position Nationality Player % Correct
GK Brazil Dida
94%
DEF Italy Paolo Maldini
93%
MID Brazil Kaka
87%
ATT Ukraine Andriy Shevchenko
86%
MID Italy Andrea Pirlo
85%
ATT Italy Filippo Inzaghi
85%
MID Italy Gennaro Gattuso
82%
DEF Italy Alessandro Nesta
81%
GK Italy Christian Abbiati
81%
MID The Netherlands Clarence Seedorf
80%
ATT Brazil Ronaldinho
80%
DEF Brazil Cafu
79%
MID Portugal Rui Costa
77%
ATT Brazil Ronaldo
73%
DEF The Netherlands Jaap Stam
72%
ATT Argentina Hernan Crespo
69%
ATT Brazil Pato
69%
DEF Georgia Kakha Kaladze
67%
MID England David Beckham
65%
DEF Italy Alessandro Costacurta
63%
MID Italy Massimo Ambrosini
62%
MID Senegal Ibrahim Ba
58%
ATT Denmark Jon Dahl Tomasson
56%
DEF Italy Gianluca Zambrotta
53%
DEF/MID Czech Republic Marek Jankulovski
53%
ATT Brazil Rivaldo
52%
ATT Italy Alberto Gilardino
48%
MID Brazil Serginho
47%
GK Italy Sebastiano Rossi
46%
DEF Italy Massimo Oddo
45%
ATT Italy Marco Borriello
43%
ATT Germany Oliver Bierhoff
42%
MID France Mathieu Flamini
40%
GK Australia Zeljiko Kalac
40%
MID Croatia Zvonimir Boban
37%
DEF Croatia Dario Simic
35%
DEF Switzerland Philippe Senderos
35%
DEF Brazil Roque Junior
34%
DEF/MID Denmark Thomas Helveg
33%
DEF Gabon Catilina Aubameyang
32%
ATT Italy Christian Vieri
32%
MID Brazil Emerson
32%
DEF Italy Daniele Bonera
31%
DEF Italy Giuseppe Pancaro
31%
DEF Italy Luca Antonini
31%
ATT France Willy Aubameyang
31%
MID Italy Cristian Brocchi
30%
MID Argentina Fernando Redondo
30%
MID Italy Demetrio Albertini
29%
DEF Italy Giuseppe Favalli
29%
GK Italy Marco Storari
26%
MID Brazil Leonardo
25%
ATT Brazil Ricardo Oliveira
25%
MID France Vikash Dhorasoo
25%
GK Italy Valerio Fiori
23%
ATT Italy Alberto Paloschi
22%
DEF Roumania Cosmin Contra
22%
DEF Argentina Fabricio Coloccini
22%
ATT Italy Gianni Comandini
22%
MID Switzerland Johann Vogel
21%
ATT Spain Jose Mari
21%
DEF Denmark Martin Laursen
21%
DEF Italy Francesco Coco
20%
ATT Brazil Marcio Amoroso
20%
DEF Sierra Leone Rodney Strasser
20%
MID Argentina Andres Guglielminpietro
19%
DEF Brazil Rodrigo Digao
19%
MID France Yoann Gourcuff
19%
MID Italy Federico Giunti
17%
ATT Italy Marco Simone
17%
DEF Argentina Jose Chamot
16%
ATT Spain Javi Moreno
14%
MID Italy Luca Antonelli
14%
MID Uruguay Mathias Cardacio
14%
DEF Italy Matteo Darmian
14%
MID Italy Samuele Dalla Bona
14%
MID Uruguay Tabaré Viudez
14%
ATT Italy Alessandro Matri
13%
DEF Italy Luigi Sala
13%
MID Uruguay Gabriel Pablo Garcia
12%
ATT Bulgaria Vitali Kutuzov
12%
MID The Netherlands Harvey Esajas
11%
MID Turkey Davala Umit
9%
DEF Senegal Mohamed Sarr
9%
DEF Brazil Felipe Mattioni
6%
DEF Argentina Leandro Grimi
6%
DEF Italy Lino Marzorati
6%
MID Italy Massimo Donati
6%
MID Italy Mattia Dal Bello
5%
ATT Italy Davide Di Gennaro
4%
MID Italy Marco Donadel
4%
DEF Italy Romano Perticone
4%
MID Croatia Drazen Brncic
3%
DEF Italy Daniele Daino
2%
DEF Brazil Julio Cesar Santos
2%
ATT Italy Michele Piccolo
2%
MID Italy Alex Guerci
1%
DEF Brazil Claiton Dos Santos
1%
MID Italy Giorgio Gianola
1%
ATT Italy Luca Saudati
1%
DEF Italy Michele Ferri
1%
DEF Italy Mirko Stefani
1%
DEF Italy Nicola Pasini
1%
ATT Italy Roberto Bortolotto
1%
MID Italy Stefano Pastrello
1%
MID Italy William Nava
1%
ATT Italy Adriano Marzeglia
0%
GK Italy Eros Favaretto
0%
DEF Italy Marco Gabrielli
0%
DEF Italy Matteo Bruscagin
0%
DEF Italy Matteo Giordano
0%
MID Italy Matteo Lunati
0%
MID Slovenia Sandro Bloudek
0%
GK Italy Simone Brunelli
0%
MID Nigeria Wilfred Osuji
0%
No matching quizzes found
Score Distribution
Percent of People with Each Score
Percentile by Number Answered
Your Score History
You have not taken this quiz